000 00829nam a22002657a 4500
001 8931
003 FISKH
005 20251110132604.0
008 251110b cb ||||| |||| 00| 0 eng d
020 _a9780590465885
040 _aFISKH
_beng
_cFISKH
_dFISKH
050 _aPZ7.M423964 D
082 _a813.54
100 _aMatas, Carol
_eAuthor
245 _aDaniel's story /
_cCarol Matas
260 _aNew York :
_bScholastic Inc ,
_c1993
300 _a136 pages :
_billustrations ;
_c23 cm
505 _aR
520 _aDaniel, whose family suffers as the Nazis rise to power in Germany, describes his imprisonment in a concentration camp and his eventual liberation.
521 8 _a720
_bLexile
521 8 _aR
_bRaz-Plus
650 _aChildren's books
_vHistorical fiction
942 _2ddc
_cBK
_n0
999 _c8931
_d8931